000 00365nam a22001457a 4500
003 OSt
005 20160727222359.0
008 160623b xxu||||| |||| 00| 0 eng d
040 _cTEST
100 _9647
_aTickoo, M, L
245 _aStories, Plays and Tales of Adventure
260 _aNCERT
_c1985
300 _aStories, Plays and Tales of Adventure
942 _2ddc
_cBK
999 _c529
_d529